Marvel Movies With X-Men Mutants - Statistics

General Stats
  • This quiz has been taken 56 times
  • The average score is 14 of 22
Answer Stats
Year Movie Notes % Correct
2000 X-Men
94%
2016 Deadpool
90%
2024 Deadpool and Wolverine
86%
2018 Deadpool 2
84%
2013 The Wolverine
78%
2014 X-Men: Days of Future Past
78%
2011 X-Men: First Class
76%
2009 X-Men Origins: Wolverine
74%
2017 Logan
72%
2016 X-Men: Apocalypse
72%
2019 X-Men: Dark Phoenix
72%
2020 The New Mutants
70%
2006 X-Men: The Last Stand
64%
2015 Avengers: Age of Ultron Retconned later
54%
2003 X-2: X-Men United
54%
2023 The Marvels
48%
2018 Avengers: Infinity War Retconned later
46%
2019 Avengers: Endgame Retconned later
44%
2022 Doctor Strange in the Multiverse of Madness
44%
2016 Captain America: Civil War Retconned later
40%
2014 Captain America: The Winter Soldier End credits sceneRetconned later
40%
2005 Fantastic Four Deleted scene
40%
No matching quizzes found
Score Distribution
Percent of People with Each Score
Percentile by Number Answered
Your Score History
You have not taken this quiz